00912 2200337 4500001002100000005001500021035002000036007000300056040001700059100002600076245005700102250001000159300003300169020002200202041000800224082000800232084001400240090001900254264003300273336002100306337003000327338002300357500002700380650001000407700004000417850001000457008004100467990002200508990002200530990002200552INLIS00000000000978720260413105509 a0010-0123000114ta aSBPUPADbind0 aHaziah AnsePengarang1 aSi Kaki Berselaput Yang Jago Bela Diri /cHaziah Ans aCet.1 avi, 26 hlm :billus ;c19 cm a978-979-29-4145-60 bind a372 a372 HAZ k a372 HAZ k 26-3 aYogyakarta :bRainbow,c2013 2rdacontentaTeks 2rdamediaatanpa perantara 2rdacarrieravolume aProfil Penulis, hlm 25 4aKatak0 aEditor, Benedicta Rini WePengarang aPUPAD260413 1  a25.421/BIDPK/2017 a25.422/B/DPK/2017 a25.421/B/DPK/2017